Religion and State in Iran 1785-1906 (Record no. 5594)

MARC details
000 -LEADER
fixed length control field 00618nam a2200241 a 4500
020 ## - INTERNATIONAL STANDARD BOOK NUMBER
ISBN
082 00 - DEWEY DECIMAL CLASSIFICATION NUMBER
Classification number 955.04
Author Cutter ALG
100 ## - MAIN ENTRY--AUTHOR NAME
Author name Algar, Hamid
245 ## - TITLE STATEMENT
Title Religion and State in Iran 1785-1906
Sub title Role of the Ulama in the Qajar Period
260 ## - PUBLICATION, DISTRIBUTION, ETC. (IMPRINT)
Place of publication Los Angeles
Name of publisher University of California
Year of publication 1969
300 ## - PHYSICAL DESCRIPTION
Number of Pages 286p
500 ## - GENERAL NOTE
General note includes index and biblioraphy
505 2# - FORMATTED CONTENTS NOTE
Formatted contents note Index
650 ## - SUBJECT ADDED ENTRY--TOPICAL TERM
Topical Term Iran
942 ## - ADDED ENTRY ELEMENTS (KOHA)
Koha item type Books
700 1# -
-- Algar, Hamid
Holdings
Collection code Home library Current library Date acquired Cost, normal purchase price Full call number Accession Number Koha item type
  Henry Martyn Institute Library Henry Martyn Institute Library 05/28/2008 456.00 955.04 ALG 07489 Books
                   Copyright © 2026 | Henry Martyn Institute | Hyderabad | TS-500052 | INDIA | Implemented by hmi.edu.in
Hit-Count:

Powered by Koha